<?xml version="1.0" encoding="UTF-8"?>
<record
    xmlns:xsi="http://www.w3.org/2001/XMLSchema-instance"
    xsi:schemaLocation="http://www.loc.gov/MARC21/slim http://www.loc.gov/standards/marcxml/schema/MARC21slim.xsd"
    xmlns="http://www.loc.gov/MARC21/slim">

  <leader>02507nam a2200277 a 4500</leader>
  <controlfield tag="001">000006054</controlfield>
  <controlfield tag="005">20251120073731.0</controlfield>
  <controlfield tag="008">090826s2004    dr            000 0 spa d</controlfield>
  <datafield tag="020" ind1=" " ind2=" ">
    <subfield code="a">9993458228</subfield>
  </datafield>
  <datafield tag="040" ind1=" " ind2=" ">
    <subfield code="a">DO-SdBNP</subfield>
    <subfield code="b">spa</subfield>
    <subfield code="c">BNPHU</subfield>
  </datafield>
  <datafield tag="082" ind1=" " ind2=" ">
    <subfield code="a">352</subfield>
    <subfield code="b">E82g</subfield>
  </datafield>
  <datafield tag="245" ind1="0" ind2="0">
    <subfield code="a">Estrategias de gesti&#xF3;n p&#xFA;blica /</subfield>
    <subfield code="c">editor Jos&#xE9; Oviedo ; pr&#xF3;logo Rogelio P&#xE9;rez Bustamante.</subfield>
  </datafield>
  <datafield tag="260" ind1=" " ind2=" ">
    <subfield code="a">Santo Domingo :</subfield>
    <subfield code="b">PUCMM,</subfield>
    <subfield code="c">2004.</subfield>
  </datafield>
  <datafield tag="300" ind1=" " ind2=" ">
    <subfield code="a">421 p. ;</subfield>
    <subfield code="c">23 cm.</subfield>
  </datafield>
  <datafield tag="500" ind1=" " ind2=" ">
    <subfield code="a">En la portada: Programa caribe&#xF1;o a nivel universitario Gesti&#xF3;n P&#xFA;blica PCUMM-UNI&#xD3;N EUROPEA.</subfield>
  </datafield>
  <datafield tag="505" ind1="0" ind2=" ">
    <subfield code="g">Pr&#xF3;logo /</subfield>
    <subfield code="r">Rogelio P&#xE9;rez Bustamante--</subfield>
    <subfield code="g">Presentaci&#xF3;n /</subfield>
    <subfield code="r">Jos&#xE9; Oviedo --</subfield>
    <subfield code="t">Gesti&#xF3;n p&#xFA;blica : consideraciones te&#xF3;ricas y operativas /</subfield>
    <subfield code="r">Juan Antonio Garde Roca --</subfield>
    <subfield code="t">Temas sobre la formulaci&#xF3;n e implementaci&#xF3;n de pol&#xED;ticas p&#xFA;blicas en el Caribe /</subfield>
    <subfield code="r">Edwin Jones --</subfield>
    <subfield code="t">El servicio civil de carrera hoy : crisis y vigencia /</subfield>
    <subfield code="r">Manuel Villoria --</subfield>
    <subfield code="t">La administraci&#xF3;n del desempe&#xF1;o : una ciencia sutil /</subfield>
    <subfield code="r">Francis Terry --</subfield>
    <subfield code="t">Esquema conceptual para un sistema de pago de bonificaci&#xF3;n basado en el desempe&#xF1;o, a empleados del sector p&#xFA;blico /</subfield>
    <subfield code="r">John Pilgrim --</subfield>
    <subfield code="t">La gesti&#xF3;n de la calidad y la evaluaci&#xF3;n del rendimiento como estrategias en la mejora de la gesti&#xF3;n p&#xFA;blica /</subfield>
    <subfield code="r">Jos&#xE9; Vicente G&#xF3;mez Rivas y Jos&#xE9; Manuel Ruano de la Fuente --</subfield>
    <subfield code="t">Estrategias para la gerencia del sector p&#xFA;blico. Aplicaci&#xF3;n del enfoque del marco l&#xF3;gico /</subfield>
    <subfield code="r">Winston Ramaurtasing --</subfield>
    <subfield code="t">Direcci&#xF3;n estrat&#xE9;gica /</subfield>
    <subfield code="r">Luis F. Aguilar --</subfield>
    <subfield code="t">Cultura organizacional y cambios organizacionales /</subfield>
    <subfield code="r">Francesco Avallones --</subfield>
    <subfield code="t">Incorporaci&#xF3;n de una perspectiva de igualdad entre el hombre y la mujer en la administraci&#xF3;n p&#xFA;blica : panorama general /</subfield>
    <subfield code="r">Gwendoline Williams y Claudia Harvey --</subfield>
    <subfield code="t">La poliglot&#xED;a de pueblos : diversidad &#xE9;tnica y liderazgo en el sector p&#xFA;blico del Caribe /</subfield>
    <subfield code="r">Deryck Brown --</subfield>
    <subfield code="t">El apoyo del entorno al servicio p&#xFA;blico y la construcci&#xF3;n de una infraestructura s&#xF3;lida para la &#xE9;tica /</subfield>
    <subfield code="r">Janos Bertok --</subfield>
    <subfield code="t">Presentaci&#xF3;n y participaci&#xF3;n: dilemas, tensiones e interrelaciones /</subfield>
    <subfield code="r">Jos&#xE9; Oviedo --</subfield>
    <subfield code="g">Los autores.</subfield>
  </datafield>
  <datafield tag="590" ind1=" " ind2=" ">
    <subfield code="a">Inventariado,2018/DG</subfield>
  </datafield>
  <datafield tag="650" ind1=" " ind2="0">
    <subfield code="a">Administraci&#xF3;n p&#xFA;blica</subfield>
    <subfield code="9">9266</subfield>
  </datafield>
  <datafield tag="650" ind1=" " ind2="4">
    <subfield code="a">Funci&#xF3;n p&#xFA;blica</subfield>
    <subfield code="9">659</subfield>
  </datafield>
  <datafield tag="650" ind1=" " ind2="4">
    <subfield code="a">Calidad total en administraci&#xF3;n p&#xFA;blica</subfield>
    <subfield code="9">17055</subfield>
  </datafield>
  <datafield tag="650" ind1=" " ind2="4">
    <subfield code="a">Medicion del trabajo</subfield>
    <subfield code="9">17056</subfield>
  </datafield>
  <datafield tag="700" ind1="1" ind2=" ">
    <subfield code="a">Oviedo, Jos&#xE9;,</subfield>
    <subfield code="e">ed.</subfield>
    <subfield code="9">2671</subfield>
  </datafield>
  <datafield tag="700" ind1="1" ind2=" ">
    <subfield code="a">P&#xE9;rez Bustamante, Rogelio,</subfield>
    <subfield code="e">pr&#xF3;l.</subfield>
    <subfield code="9">17057</subfield>
  </datafield>
  <datafield tag="710" ind1="2" ind2=" ">
    <subfield code="a">Pontificia  Universidad Cat&#xF3;lica Madre y Maestra </subfield>
    <subfield code="9">843</subfield>
  </datafield>
  <datafield tag="910" ind1=" " ind2=" ">
    <subfield code="a">Validado. Control de calidad EMS</subfield>
  </datafield>
  <datafield tag="952" ind1=" " ind2=" ">
    <subfield code="0">0</subfield>
    <subfield code="1">0</subfield>
    <subfield code="5">4</subfield>
    <subfield code="7">0</subfield>
    <subfield code="8">DS</subfield>
    <subfield code="a">GR</subfield>
    <subfield code="b">GR</subfield>
    <subfield code="c">HD</subfield>
    <subfield code="d">2013-03-12</subfield>
    <subfield code="i">LF1</subfield>
    <subfield code="l">0</subfield>
    <subfield code="o">352 E82g</subfield>
    <subfield code="p">6054-30</subfield>
    <subfield code="r">2020-06-25</subfield>
    <subfield code="t">e.3</subfield>
    <subfield code="w">2020-06-25</subfield>
    <subfield code="y">LFDS</subfield>
    <subfield code="Z">Pr&#xE9;stamo en sala</subfield>
  </datafield>
  <datafield tag="952" ind1=" " ind2=" ">
    <subfield code="0">0</subfield>
    <subfield code="1">0</subfield>
    <subfield code="5">4</subfield>
    <subfield code="7">0</subfield>
    <subfield code="8">DS</subfield>
    <subfield code="a">GR</subfield>
    <subfield code="b">GR</subfield>
    <subfield code="c">HD</subfield>
    <subfield code="d">2013-03-12</subfield>
    <subfield code="i">LF1</subfield>
    <subfield code="l">0</subfield>
    <subfield code="o">352 E82g</subfield>
    <subfield code="p">6054-40</subfield>
    <subfield code="r">2020-06-25</subfield>
    <subfield code="t">e.4</subfield>
    <subfield code="w">2020-06-25</subfield>
    <subfield code="y">LFDS</subfield>
    <subfield code="Z">Pr&#xE9;stamo en sala</subfield>
  </datafield>
  <datafield tag="952" ind1=" " ind2=" ">
    <subfield code="0">0</subfield>
    <subfield code="1">0</subfield>
    <subfield code="5">4</subfield>
    <subfield code="7">0</subfield>
    <subfield code="8">DS</subfield>
    <subfield code="a">GR</subfield>
    <subfield code="b">GR</subfield>
    <subfield code="c">HD</subfield>
    <subfield code="d">2013-03-12</subfield>
    <subfield code="i">LF1</subfield>
    <subfield code="l">0</subfield>
    <subfield code="o">352 E82g</subfield>
    <subfield code="p">6054-50</subfield>
    <subfield code="r">2020-06-25</subfield>
    <subfield code="t">e.5</subfield>
    <subfield code="w">2020-06-25</subfield>
    <subfield code="y">LFDS</subfield>
    <subfield code="Z">Pr&#xE9;stamo en sala</subfield>
  </datafield>
  <datafield tag="952" ind1=" " ind2=" ">
    <subfield code="0">0</subfield>
    <subfield code="1">0</subfield>
    <subfield code="7">1</subfield>
    <subfield code="8">PD</subfield>
    <subfield code="a">PD</subfield>
    <subfield code="b">PD</subfield>
    <subfield code="c">HD</subfield>
    <subfield code="d">2009-08-26</subfield>
    <subfield code="i">LF1</subfield>
    <subfield code="l">0</subfield>
    <subfield code="o">352 E82g</subfield>
    <subfield code="p">6054-10</subfield>
    <subfield code="r">2020-06-25</subfield>
    <subfield code="w">2020-06-25</subfield>
    <subfield code="y">LFPD</subfield>
    <subfield code="Z">No se presta</subfield>
  </datafield>
  <datafield tag="952" ind1=" " ind2=" ">
    <subfield code="0">0</subfield>
    <subfield code="1">0</subfield>
    <subfield code="7">1</subfield>
    <subfield code="8">PD</subfield>
    <subfield code="a">PD</subfield>
    <subfield code="b">PD</subfield>
    <subfield code="c">HD</subfield>
    <subfield code="d">2009-08-26</subfield>
    <subfield code="i">LF1</subfield>
    <subfield code="l">0</subfield>
    <subfield code="o">352 E82g</subfield>
    <subfield code="p">6054-20</subfield>
    <subfield code="r">2020-06-25</subfield>
    <subfield code="t">e.2</subfield>
    <subfield code="w">2020-06-25</subfield>
    <subfield code="y">LFPD</subfield>
    <subfield code="Z">No se presta</subfield>
  </datafield>
  <datafield tag="999" ind1=" " ind2=" ">
    <subfield code="c">5850</subfield>
    <subfield code="d">5850</subfield>
  </datafield>
</record>
